[Event "18. Obert Int. Sant Marti 2016 - B"]
[Site "Barcelona ESP"]
[Date "2016.07.18"]
[Round "6.36"]
[White "Martin Arranz, Lluis"]
[Black "Palomero Galvez, Antonio"]
[Result "1-0"]
[WhiteElo "1771"]
[BlackElo "1593"]
[PlyCount "63"]
[EventDate "2016.07.13"]
[EventType "swiss"]
[EventRounds "9"]
[EventCountry "ESP"]
[SourceTitle "Ajedrez en Madrid"]
[Source "lmi"]
[SourceDate "2016.07.13"]
[SourceVersion "1"]
[SourceVersionDate "2019.06.21"]
[SourceQuality "1"]

1. e4 e5 2. Nf3 Nc6 3. Bb5 Nf6 4. O-O Bc5 5. c3 d6 6. d4 exd4 7. cxd4 Bb6 8.
Re1 O-O 9. h3 Nb8 10. Bg5 h6 11. Bh4 c6 12. Ba4 g5 13. Bg3 Bc7 14. Nc3 Nbd7 15.
Bc2 Re8 16. Qd3 Nf8 17. Rad1 b5 18. e5 dxe5 19. Nxe5 Bb7 20. Bb3 Bxe5 21. Bxe5
N6d7 22. Qf5 Nxe5 23. dxe5 Qc7 24. Rd6 Bc8 25. Qf6 Be6 26. Bc2 Rad8 27. Qxh6
Rxd6 28. exd6 Qa5 29. Qxg5+ Kh8 30. Re4 Nh7 31. Rh4 Bf5 32. Qxf5 1-0

[Event "18. Obert Int. Sant Marti 2016 - B"]
[Site "Barcelona ESP"]
[Date "2016.07.18"]
[Round "6.37"]
[White "Pascual Duran, Pau"]
[Black "Olivas Montoya, Albert"]
[Result "0-1"]
[WhiteElo "1480"]
[BlackElo "1746"]
[PlyCount "78"]
[EventDate "2016.07.13"]
[EventType "swiss"]
[EventRounds "9"]
[EventCountry "ESP"]
[SourceTitle "Ajedrez en Madrid"]
[Source "lmi"]
[SourceDate "2016.07.13"]
[SourceVersion "1"]
[SourceVersionDate "2019.06.21"]
[SourceQuality "1"]

1. e4 e6 2. d4 d5 3. e5 c5 4. c3 Qb6 5. Nf3 Nc6 6. a3 Bd7 7. b4 c4 8. Nbd2 a5
9. Bb2 Nge7 10. Bxc4 Ng6 11. Bb3 Be7 12. O-O O-O 13. Ne1 f6 14. f4 fxe5 15.
fxe5 Ncxe5 16. Ndf3 Bb5 17. Rf2 Ng4 18. Rd2 Bg5 19. a4 Be3+ 20. Kh1 Bc4 21.
Bxc4 dxc4 22. Qe2 Nf2+ 23. Kg1 Ng4+ 24. Kh1 Nf4 25. Qd1 Bxd2 26. Qxd2 Nd5 27.
h3 Ngf6 28. Nc2 Qc7 29. Ne5 Ne4 30. Qe1 Nf2+ 31. Kg1 Qe7 32. Bc1 Nd3 33. Qg3
N5f4 34. Bxf4 Nxf4 35. Re1 Qd6 36. Re4 Ng6 37. Rg4 Nxe5 38. Rxg7+ Kh8 39. Rxb7
Nf3+ 0-1

[Event "18. Obert Int. Sant Marti 2016 - B"]
[Site "Barcelona ESP"]
[Date "2016.07.18"]
[Round "6.38"]
[White "Moysen Cortes, Jessica"]
[Black "De Figueiredo Coutinho, Rocco"]
[Result "1-0"]
[WhiteElo "1740"]
[BlackElo "1474"]
[PlyCount "47"]
[EventDate "2016.07.13"]
[EventType "swiss"]
[EventRounds "9"]
[EventCountry "ESP"]
[SourceTitle "Ajedrez en Madrid"]
[Source "lmi"]
[SourceDate "2016.07.13"]
[SourceVersion "1"]
[SourceVersionDate "2019.06.21"]
[SourceQuality "1"]

1. e4 e5 2. Nf3 Nc6 3. Nc3 Nf6 4. d4 exd4 5. Nxd4 d6 6. h3 Be7 7. Be3 O-O 8.
Nxc6 bxc6 9. Bd3 Nd7 10. O-O Ne5 11. Be2 f5 12. f4 Ng6 13. Qd2 Be6 14. exf5
Bxf5 15. g4 Bd7 16. Ne4 c5 17. Bc4+ Kh8 18. Ng3 Bf6 19. Rab1 Bh4 20. Nh5 Bf6
21. g5 Bxg5 22. fxg5 Ne5 23. Bd5 Rb8 24. Rxf8+ 1-0

[Event "18. Obert Int. Sant Marti 2016 - B"]
[Site "Barcelona ESP"]
[Date "2016.07.18"]
[Round "6.39"]
[White "Garcia Ramos, Anais"]
[Black "Valero Recalde, Pablo"]
[Result "1/2-1/2"]
[WhiteElo "1392"]
[BlackElo "1734"]
[PlyCount "126"]
[EventDate "2016.07.13"]
[EventType "swiss"]
[EventRounds "9"]
[EventCountry "ESP"]
[SourceTitle "Ajedrez en Madrid"]
[Source "lmi"]
[SourceDate "2016.07.13"]
[SourceVersion "1"]
[SourceVersionDate "2019.06.21"]
[SourceQuality "1"]

1. e4 b6 2. d4 Bb7 3. Nc3 e6 4. Be3 Bb4 5. e5 c5 6. a3 cxd4 7. Bxd4 Be7 8. Qg4
g6 9. Ne4 Bxe4 10. Qxe4 Nc6 11. Bc3 Rc8 12. Ne2 f6 13. exf6 Bxf6 14. g3 a6 15.
Bg2 Bxc3+ 16. Nxc3 Nf6 17. Qd3 b5 18. Bxc6 Rxc6 19. O-O O-O 20. Ne4 Nxe4 21.
Qxe4 Rc4 22. Qd3 Qc7 23. c3 Rc5 24. Rad1 Rd5 25. Qe3 Rh5 26. f4 Qc6 27. Qf3 Qc7
28. b4 Rhf5 29. Qd3 R8f7 30. Kg2 h5 31. Rf3 g5 32. Qd6 Qc4 33. Rdf1 Qa2+ 34.
R3f2 Qxa3 35. fxg5 Rxf2+ 36. Rxf2 Rxf2+ 37. Kxf2 Qb2+ 38. Kg1 Qc1+ 39. Kg2 Qxc3
40. Qxd7 Qc2+ 41. Kh3 Qg6 42. Qc8+ Kf7 43. Qb7+ Kf8 44. Qxa6 Qxg5 45. Qxe6 Kg7
46. g4 Kh8 47. Qf5 Qe3+ 48. Kh4 hxg4 49. Qxg4 Qe7+ 50. Kh5 Qe5+ 51. Kg6 Qd6+
52. Kf7 Qd5+ 53. Qe6 Qb7+ 54. Kf8 Qb8+ 55. Qe8 Qf4+ 56. Ke7+ Kg7 57. Qxb5 Qc7+
58. Qd7 Qe5+ 59. Kd8+ Kf6 60. b5 Qb8+ 61. Qc8 Qd6+ 62. Qd7 Qb8+ 63. Qc8 Qd6+
1/2-1/2

[Event "18. Obert Int. Sant Marti 2016 - B"]
[Site "Barcelona ESP"]
[Date "2016.07.18"]
[Round "6.40"]
[White "Pascual Gonzalez-Novelles, Carles"]
[Black "Pera Muntasell, Marc"]
[Result "1-0"]
[WhiteElo "1718"]
[BlackElo "1450"]
[PlyCount "79"]
[EventDate "2016.07.13"]
[EventType "swiss"]
[EventRounds "9"]
[EventCountry "ESP"]
[SourceTitle "Ajedrez en Madrid"]
[Source "lmi"]
[SourceDate "2016.07.13"]
[SourceVersion "1"]
[SourceVersionDate "2019.06.21"]
[SourceQuality "1"]

1. e4 b6 2. d4 Bb7 3. Bd3 e6 4. f4 d5 5. e5 Nd7 6. Nf3 c5 7. c3 Ne7 8. O-O g6
9. Be3 h5 10. Ng5 Bh6 11. Qf3 O-O 12. Nh3 Qc7 13. g4 hxg4 14. Qxg4 Nf5 15. Bf2
Bg7 16. Ng5 Rfe8 17. Nd2 Nf8 18. Ndf3 Re7 19. Nh4 Rae8 20. Nxf5 exf5 21. Qh3 f6
22. Nf3 Ne6 23. Qg3 g5 24. exf6 Bxf6 25. fxg5 Qxg3+ 26. hxg3 Nxg5 27. Nxg5 Bxg5
28. Bb5 Rc8 29. Rae1 Rcc7 30. dxc5 bxc5 31. Rxe7 Bxe7 32. Be3 Bc8 33. Bf4 Rb7
34. Ba6 Rxb2 35. Bxc8 Rxa2 36. Be6+ Kg7 37. Be5+ Kh6 38. Bxd5 Re2 39. Rxf5 Bg5
40. Bf4 1-0

[Event "18. Obert Int. Sant Marti 2016 - B"]
[Site "Barcelona ESP"]
[Date "2016.07.18"]
[Round "6.41"]
[White "Castillo Dalmau, Arnau"]
[Black "Di Fiori Piccolo, Elcio"]
[Result "1/2-1/2"]
[WhiteElo "1418"]
[BlackElo "1666"]
[PlyCount "49"]
[EventDate "2016.07.13"]
[EventType "swiss"]
[EventRounds "9"]
[EventCountry "ESP"]
[SourceTitle "Ajedrez en Madrid"]
[Source "lmi"]
[SourceDate "2016.07.13"]
[SourceVersion "1"]
[SourceVersionDate "2019.06.21"]
[SourceQuality "1"]

1. e4 c5 2. Nf3 d6 3. d4 cxd4 4. Nxd4 Nf6 5. f3 a6 6. c4 e5 7. Nb3 Nc6 8. Be3
Be7 9. Nc3 O-O 10. Be2 Bd7 11. O-O Rc8 12. Qd2 Re8 13. Rac1 Na5 14. Nxa5 Qxa5
15. b3 Bc6 16. Nd5 Qxd2 17. Bxd2 Nxd5 18. cxd5 Bd7 19. Rc4 b5 20. Rxc8 Rxc8 21.
Rc1 Rxc1+ 22. Bxc1 f5 23. b4 fxe4 24. fxe4 g5 25. g4 1/2-1/2

[Event "18. Obert Int. Sant Marti 2016 - B"]
[Site "Barcelona ESP"]
[Date "2016.07.18"]
[Round "6.42"]
[White "Madrid Sole, Antonio"]
[Black "Santolaria Sanz, Xavier"]
[Result "1/2-1/2"]
[WhiteElo "1865"]
[BlackElo "1607"]
[PlyCount "112"]
[EventDate "2016.07.13"]
[EventType "swiss"]
[EventRounds "9"]
[EventCountry "ESP"]
[SourceTitle "Ajedrez en Madrid"]
[Source "lmi"]
[SourceDate "2016.07.13"]
[SourceVersion "1"]
[SourceVersionDate "2019.06.21"]
[SourceQuality "1"]

1. d4 Nf6 2. Nf3 g6 3. e3 Bg7 4. Bd3 d6 5. Nbd2 O-O 6. O-O Bg4 7. h3 Bxf3 8.
Nxf3 Nc6 9. c3 e5 10. Qc2 Re8 11. dxe5 Nxe5 12. Be2 Qe7 13. b3 Nc6 14. Bb2 Nd5
15. Bb5 Qe4 16. Bd3 Qe7 17. Rfe1 Ndb4 18. Qd2 Nxd3 19. Qxd3 Qe4 20. Qd2 Ne5 21.
Nxe5 Rxe5 22. f3 Qc6 23. c4 Re6 24. Bxg7 Kxg7 25. Qd4+ Kg8 26. Rad1 a5 27. a4
Rae8 28. Kf2 Qc5 29. Qxc5 dxc5 30. Rd5 b6 31. Rd7 R8e7 32. Rxe7 Rxe7 33. Rd1
Kf8 34. Rd8+ Re8 35. Rd5 Re6 36. e4 Rd6 37. Ke3 Ke7 38. f4 Ke6 39. g4 f6 40. h4
c6 41. f5+ gxf5 42. exf5+ Ke7 43. Rxd6 Kxd6 44. Ke4 h6 45. Kf4 b5 46. g5 Ke7
47. gxh6 Kf7 48. Kg3 b4 49. Kf4 Kg8 50. Kg4 Kh8 51. Kh5 Kh7 52. Kg4 Kxh6 53.
Kh3 Kh5 54. Kg3 Kh6 55. Kg4 Kg7 56. Kh5 Kh7 1/2-1/2

[Event "18. Obert Int. Sant Marti 2016 - B"]
[Site "Barcelona ESP"]
[Date "2016.07.18"]
[Round "6.43"]
[White "Sanchez Viana, Jordi"]
[Black "Gonzalez Moreno, Antoni"]
[Result "0-1"]
[WhiteElo "1599"]
[BlackElo "1822"]
[PlyCount "100"]
[EventDate "2016.07.13"]
[EventType "swiss"]
[EventRounds "9"]
[EventCountry "ESP"]
[SourceTitle "Ajedrez en Madrid"]
[Source "lmi"]
[SourceDate "2016.07.13"]
[SourceVersion "1"]
[SourceVersionDate "2019.06.21"]
[SourceQuality "1"]

1. e4 c6 2. d3 d5 3. Nd2 e5 4. Ngf3 Bd6 5. Be2 Nf6 6. d4 Nbd7 7. dxe5 Nxe5 8.
exd5 Nxd5 9. Ne4 Nxf3+ 10. Bxf3 Be7 11. O-O O-O 12. c4 Nf6 13. Ng3 Be6 14. b3
Qc7 15. Qc2 Rad8 16. Bb2 Rd7 17. Rad1 Rfd8 18. Nh5 Nxh5 19. Bxh5 Qa5 20. Qc3
Qg5 21. Qg3 Qxg3 22. hxg3 Rd2 23. Bc3 Rxa2 24. Rxd8+ Bxd8 25. Rd1 Be7 26. Bf3
f6 27. Ra1 Rxa1+ 28. Bxa1 Bf5 29. Bd1 Kf7 30. Bd4 b6 31. g4 Bb1 32. f4 f5 33.
gxf5 Bxf5 34. Kf2 g5 35. fxg5 Bxg5 36. Be3 Kf6 37. Kf3 h5 38. Bd4+ Ke6 39. Kf2
h4 40. Kf3 Bf6 41. Bxf6 Kxf6 42. Kf4 b5 43. cxb5 cxb5 44. Ke3 Ke5 45. g4 hxg3
46. Kf3 Kd4 47. Be2 Bd3 48. Bd1 Kc3 49. Kxg3 Bc2 50. Be2 b4 0-1

[Event "18. Obert Int. Sant Marti 2016 - B"]
[Site "Barcelona ESP"]
[Date "2016.07.18"]
[Round "6.44"]
[White "Tsulaia, Mariam"]
[Black "Vicente Soriano, Josep"]
[Result "1/2-1/2"]
[WhiteElo "1588"]
[BlackElo "1757"]
[PlyCount "56"]
[EventDate "2016.07.13"]
[EventType "swiss"]
[EventRounds "9"]
[EventCountry "ESP"]
[SourceTitle "Ajedrez en Madrid"]
[Source "lmi"]
[SourceDate "2016.07.13"]
[SourceVersion "1"]
[SourceVersionDate "2019.06.21"]
[SourceQuality "1"]

1. e4 c5 2. d4 cxd4 3. c3 d3 4. Bxd3 g6 5. Nf3 Bg7 6. Be3 Nc6 7. Nbd2 Nf6 8.
O-O d6 9. h3 O-O 10. Nb3 Nd7 11. Nbd4 Nde5 12. Bc2 Nc4 13. Qc1 Nxe3 14. Qxe3
Qb6 15. Bb3 Bd7 16. Rad1 Rac8 17. Ng5 Ne5 18. f4 Nc4 19. Bxc4 Rxc4 20. b3 Rc7
21. c4 Bc6 22. Rfe1 e5 23. fxe5 dxe5 24. Nc2 Qxe3+ 25. Nxe3 h6 26. Nf3 Bxe4 27.
Nd5 Bxd5 28. Rxd5 Re8 1/2-1/2

[Event "18. Obert Int. Sant Marti 2016 - B"]
[Site "Barcelona ESP"]
[Date "2016.07.18"]
[Round "6.45"]
[White "Perez Cuadrado, Eduardo"]
[Black "Molina Manas, Miquel"]
[Result "1/2-1/2"]
[WhiteElo "1751"]
[BlackElo "1606"]
[PlyCount "97"]
[EventDate "2016.07.13"]
[EventType "swiss"]
[EventRounds "9"]
[EventCountry "ESP"]
[SourceTitle "Ajedrez en Madrid"]
[Source "lmi"]
[SourceDate "2016.07.13"]
[SourceVersion "1"]
[SourceVersionDate "2019.06.21"]
[SourceQuality "1"]

1. e4 d5 2. exd5 Qxd5 3. Nc3 Qd8 4. Bc4 Nf6 5. d4 Bf5 6. Bf4 c6 7. Nf3 e6 8.
O-O Be7 9. Re1 O-O 10. Qd2 Nbd7 11. Rad1 Rc8 12. Qe2 Nd5 13. Nxd5 cxd5 14. Bd3
Bxd3 15. Qxd3 Bf6 16. c3 Qb6 17. Re2 Qc6 18. Nd2 Qa4 19. Qb1 Rc6 20. Re3 Rfc8
21. Rh3 g6 22. Re1 Rb6 23. g4 Qb5 24. b3 Rbc6 25. g5 Bg7 26. Ree3 Bxd4 27. Rd3
Bxc3 28. Qf1 Bxd2 29. Bxd2 Ne5 30. Rd4 Qxf1+ 31. Kxf1 Nd7 32. Rdh4 Nf8 33. Bb4
Rc1+ 34. Kg2 R1c2 35. Bxf8 Kxf8 36. Rxh7 Ke7 37. Rf3 Rf8 38. a4 d4 39. Kf1 Rc3
40. Rf4 d3 41. Ke1 Rxb3 42. Kd2 b5 43. axb5 Rxb5 44. h4 Rf5 45. Ra4 Rxf2+ 46.
Kxd3 Ra8 47. h5 Rf5 48. hxg6 Rxg5 49. Rxf7+ 1/2-1/2

[Event "18. Obert Int. Sant Marti 2016 - B"]
[Site "Barcelona ESP"]
[Date "2016.07.18"]
[Round "6.46"]
[White "Molina Taberner, Jordi"]
[Black "Gomez Guinovart, Josep Manel"]
[Result "1-0"]
[WhiteElo "1529"]
[BlackElo "1733"]
[PlyCount "41"]
[EventDate "2016.07.13"]
[EventType "swiss"]
[EventRounds "9"]
[EventCountry "ESP"]
[SourceTitle "Ajedrez en Madrid"]
[Source "lmi"]
[SourceDate "2016.07.13"]
[SourceVersion "1"]
[SourceVersionDate "2019.06.21"]
[SourceQuality "1"]

1. d4 Nf6 2. Bf4 e6 3. e3 d5 4. Nd2 Nbd7 5. Bd3 Be7 6. Ngf3 O-O 7. Ne5 c6 8. c3
h6 9. h4 Nxe5 10. dxe5 Nd7 11. Nf3 Nc5 12. Ng5 Nxd3+ 13. Qxd3 hxg5 14. hxg5 g6
15. e4 Kg7 16. Rh6 Bxg5 17. Qh3 Bxh6 18. Qxh6+ Kg8 19. Bg5 f6 20. Qxg6+ Kh8 21.
Ke2 1-0

[Event "18. Obert Int. Sant Marti 2016 - B"]
[Site "Barcelona ESP"]
[Date "2016.07.18"]
[Round "6.47"]
[White "Subirana Santos, Marc"]
[Black "Ferre Navarro, Joan"]
[Result "1-0"]
[WhiteElo "1706"]
[BlackElo "1591"]
[PlyCount "87"]
[EventDate "2016.07.13"]
[EventType "swiss"]
[EventRounds "9"]
[EventCountry "ESP"]
[SourceTitle "Ajedrez en Madrid"]
[Source "lmi"]
[SourceDate "2016.07.13"]
[SourceVersion "1"]
[SourceVersionDate "2019.06.21"]
[SourceQuality "1"]

1. c4 d6 2. g3 g6 3. Bg2 Bg7 4. d3 c5 5. Nc3 Nf6 6. Nf3 Nc6 7. O-O O-O 8. Bd2
Bg4 9. h3 Bd7 10. a3 Qc8 11. Kh2 b6 12. Rb1 a5 13. e3 Rb8 14. Nb5 Ne8 15. Ng5
Nc7 16. Nc3 Ne5 17. Be1 Bf5 18. e4 Bd7 19. f4 Nc6 20. Nf3 Nd4 21. Nxd4 Bxd4 22.
Nd5 Nxd5 23. cxd5 f5 24. Bc3 Bxc3 25. bxc3 b5 26. Qe2 fxe4 27. dxe4 b4 28. Qc2
Qb7 29. cxb4 cxb4 30. Qb2 Rfc8 31. axb4 Qxb4 32. Qf2 Qc5 33. Rxb8 Rxb8 34. Qxc5
dxc5 35. Rc1 Rc8 36. e5 Bb5 37. h4 Kf7 38. Bh3 Rc7 39. d6 exd6 40. exd6 Rc6 41.
Bd7 Rb6 42. Rb1 a4 43. Bxb5 c4 44. Bxc4+ 1-0

[Event "18. Obert Int. Sant Marti 2016 - B"]
[Site "Barcelona ESP"]
[Date "2016.07.18"]
[Round "6.48"]
[White "Minko, Olga"]
[Black "Palau Fontanet, David"]
[Result "1/2-1/2"]
[WhiteElo "1509"]
[BlackElo "1703"]
[PlyCount "30"]
[EventDate "2016.07.13"]
[EventType "swiss"]
[EventRounds "9"]
[EventCountry "ESP"]
[SourceTitle "Ajedrez en Madrid"]
[Source "lmi"]
[SourceDate "2016.07.13"]
[SourceVersion "1"]
[SourceVersionDate "2019.06.21"]
[SourceQuality "1"]

1. e4 c6 2. d4 d5 3. exd5 cxd5 4. Bd3 Nc6 5. c3 g6 6. Bf4 Nh6 7. Qd2 Bf5 8. Bb5
Bxb1 9. Rxb1 Nf5 10. Nf3 f6 11. Bd3 Qd7 12. O-O Bg7 13. Rfe1 O-O 14. c4 e6 15.
Bxf5 exf5 1/2-1/2

[Event "18. Obert Int. Sant Marti 2016 - B"]
[Site "Barcelona ESP"]
[Date "2016.07.18"]
[Round "6.49"]
[White "Berengeno Vierge, Rodolfo"]
[Black "Martinez Navarro, Miquel"]
[Result "1-0"]
[WhiteElo "1699"]
[BlackElo "1587"]
[PlyCount "136"]
[EventDate "2016.07.13"]
[EventType "swiss"]
[EventRounds "9"]
[EventCountry "ESP"]
[SourceTitle "Ajedrez en Madrid"]
[Source "lmi"]
[SourceDate "2016.07.13"]
[SourceVersion "1"]
[SourceVersionDate "2019.06.21"]
[SourceQuality "1"]

1. d4 d5 2. Bf4 e6 3. e3 Bd6 4. Bg3 Nf6 5. Bd3 a6 6. Nf3 Nc6 7. c3 Bxg3 8. hxg3
Qd6 9. a3 b6 10. Nbd2 h6 11. c4 Bb7 12. b4 O-O 13. Rc1 Rfc8 14. c5 Qe7 15. Ne5
b5 16. Ndf3 Ne4 17. Nxc6 Bxc6 18. Ne5 Qe8 19. Qg4 Nf6 20. Qh4 a5 21. g4 Ne4 22.
Bxe4 dxe4 23. g5 Bd5 24. gxh6 Qf8 25. Nd7 Qd8 26. Qg4 g6 27. Ne5 Qf6 28. Qh3 c6
29. Nd7 Qf5 30. Nb6 Qxh3 31. Rxh3 Rab8 32. Nxc8 Rxc8 33. Rb1 a4 34. f3 Kh7 35.
fxe4 Bxe4 36. Rb2 Rf8 37. Rf2 f6 38. g4 Rf7 39. Rf4 Bd5 40. e4 g5 41. exd5 gxf4
42. dxc6 Rc7 43. Rf3 Rxc6 44. Rxf4 e5 45. d5 Ra6 46. Re4 Kxh6 47. Kf2 Ra8 48.
Kg3 Kg5 49. d6 Kg6 50. Re2 Kf7 51. Kf3 Ke6 52. Ke4 Rg8 53. Kf3 Rh8 54. Rg2 Rh3+
55. Rg3 Rh7 56. g5 f5 57. g6 Rg7 58. Rg2 f4 59. Rg4 Kf5 60. d7 Rg8 61. c6 Ke6
62. g7 Kd6 63. Ke4 Kc7 64. Kxe5 f3 65. Ke6 Kxc6 66. Kf7 Rd8 67. Rg6+ Kc7 68.
g8=Q Rxd7+ 1-0

[Event "18. Obert Int. Sant Marti 2016 - B"]
[Site "Barcelona ESP"]
[Date "2016.07.18"]
[Round "6.51"]
[White "Pascual Gonzalez-Novelles, David"]
[Black "Nunez Romeo, Fausto"]
[Result "1-0"]
[WhiteElo "1650"]
[BlackElo "1545"]
[PlyCount "125"]
[EventDate "2016.07.13"]
[EventType "swiss"]
[EventRounds "9"]
[EventCountry "ESP"]
[SourceTitle "Ajedrez en Madrid"]
[Source "lmi"]
[SourceDate "2016.07.13"]
[SourceVersion "1"]
[SourceVersionDate "2019.06.21"]
[SourceQuality "1"]

1. e4 c5 2. c4 Nc6 3. b3 e6 4. Bb2 Nf6 5. Nc3 Be7 6. Nf3 d6 7. Be2 O-O 8. O-O
Nd4 9. d3 Nxe2+ 10. Nxe2 e5 11. Ng3 g6 12. h3 a6 13. Qd2 Re8 14. Nh2 Bf8 15. f4
Bh6 16. Ne2 Nh5 17. Qc3 Bg7 18. Qe1 f5 19. fxe5 dxe5 20. Rd1 b5 21. Ng3 Nxg3
22. Qxg3 f4 23. Qe1 Ra7 24. Nf3 g5 25. Rd2 Bf6 26. g4 h5 27. Nh2 Rh7 28. Rf3
Kf7 29. Qf1 Qa5 30. Rdf2 Qxa2 31. Bxe5 Qxb3 32. Bxf6 Kxf6 33. cxb5 axb5 34.
Qa1+ Kg6 35. gxh5+ Rxh5 36. Ng4 Qe6 37. Rg2 Qd6 38. Nf2 Rf8 39. e5 Qd4 40. Qxd4
cxd4 41. Ne4 b4 42. h4 Rxh4 43. Rxg5+ Kh6 44. Kf2 b3 45. Rg1 Bg4 46. Rxg4 Rxg4
47. Rh3+ Kg6 48. Rh1 Rb8 49. Rb1 Rh4 50. Kf3 Rh3+ 51. Kxf4 Rxd3 52. Nc5 Rc3 53.
Rg1+ Kf7 54. e6+ Ke7 55. Rg7+ Kf6 56. Rf7+ Kg6 57. Ne4 Re3 58. Rf6+ Kg7 59.
Rf7+ Kg6 60. Rf6+ Kh5 61. Rf5+ Kh4 62. Rf7 b2 63. Rh7# 1-0

[Event "18. Obert Int. Sant Marti 2016 - B"]
[Site "Barcelona ESP"]
[Date "2016.07.18"]
[Round "6.55"]
[White "Moreno Perez, Norberto"]
[Black "Domenche Redondo, Francesc"]
[Result "1-0"]
[WhiteElo "1886"]
[BlackElo "1622"]
[PlyCount "61"]
[EventDate "2016.07.13"]
[EventType "swiss"]
[EventRounds "9"]
[EventCountry "ESP"]
[SourceTitle "Ajedrez en Madrid"]
[Source "lmi"]
[SourceDate "2016.07.13"]
[SourceVersion "1"]
[SourceVersionDate "2019.06.21"]
[SourceQuality "1"]

1. e4 e5 2. Nf3 Nf6 3. Nc3 Nc6 4. Bc4 Bc5 5. O-O O-O 6. a3 a5 7. d3 h6 8. Ne2
d5 9. exd5 Nxd5 10. Ng3 Be6 11. Bb5 Qf6 12. Ne4 Qe7 13. Bxc6 bxc6 14. Nxe5 Ra6
15. Nxc5 Qxc5 16. d4 Qe7 17. Qe2 Rfa8 18. Re1 c5 19. c4 Nf6 20. d5 Bd7 21. Nd3
Qf8 22. Be3 Bg4 23. f3 Bf5 24. Nxc5 Rb6 25. Bd4 Re8 26. Qf2 Rxe1+ 27. Rxe1 Ne8
28. Ne4 Rb8 29. Qg3 Nd6 30. Nxd6 cxd6 31. c5 1-0

[Event "18. Obert Int. Sant Marti 2016 - B"]
[Site "Barcelona ESP"]
[Date "2016.07.18"]
[Round "6.56"]
[White "Gomez Parla, Josep"]
[Black "Bienvenido Kleque, Jose"]
[Result "1-0"]
[WhiteElo "1876"]
[BlackElo "1494"]
[PlyCount "97"]
[EventDate "2016.07.13"]
[EventType "swiss"]
[EventRounds "9"]
[EventCountry "ESP"]
[SourceTitle "Ajedrez en Madrid"]
[Source "lmi"]
[SourceDate "2016.07.13"]
[SourceVersion "1"]
[SourceVersionDate "2019.06.21"]
[SourceQuality "1"]

1. e4 c6 2. f4 d5 3. e5 e6 4. d4 c5 5. c3 c4 6. b3 b5 7. Nf3 Nc6 8. Be2 Nge7 9.
Ba3 Ng6 10. Bxf8 Kxf8 11. Qd2 Bd7 12. O-O a5 13. Na3 Nce7 14. Nc2 Qc7 15. bxc4
bxc4 16. Ne3 Nc6 17. f5 exf5 18. Nxd5 Qd8 19. Qc1 Be6 20. Nf4 Nxf4 21. Qxf4 h6
22. h4 Rb8 23. Rfb1 Ke7 24. Nd2 Rxb1+ 25. Rxb1 Qc7 26. Bxc4 Bxc4 27. Nxc4 Rb8
28. Rxb8 Qxb8 29. Qxf5 Qb5 30. Nd6 Qd5 31. Qe4 Qxe4 32. Nxe4 Nb8 33. Kf2 Nd7
34. Ke3 Nb6 35. Kd3 Ke6 36. g4 f6 37. Nc5+ Kd5 38. exf6 gxf6 39. Ne4 Ke6 40. c4
f5 41. gxf5+ Kxf5 42. d5 Ke5 43. d6 Ke6 44. Kd4 Nd7 45. Nc5+ Kxd6 46. Nxd7 Kxd7
47. Kd5 a4 48. Kc5 Kc7 49. Kb5 1-0

[Event "18. Obert Int. Sant Marti 2016 - B"]
[Site "Barcelona ESP"]
[Date "2016.07.18"]
[Round "6.57"]
[White "Martinez Medina, Jose Juan"]
[Black "Pereda Villalba, Julian"]
[Result "0-1"]
[WhiteElo "1534"]
[BlackElo "1824"]
[PlyCount "120"]
[EventDate "2016.07.13"]
[EventType "swiss"]
[EventRounds "9"]
[EventCountry "ESP"]
[SourceTitle "Ajedrez en Madrid"]
[Source "lmi"]
[SourceDate "2016.07.13"]
[SourceVersion "1"]
[SourceVersionDate "2019.06.21"]
[SourceQuality "1"]

1. e4 Nc6 2. d4 e6 3. Nf3 g6 4. Be3 Bg7 5. Qd2 Nge7 6. Bd3 O-O 7. a3 a5 8. Nc3
b6 9. h4 e5 10. d5 Nd4 11. Bh6 d6 12. Bxg7 Kxg7 13. Nxd4 exd4 14. Ne2 c6 15.
Nf4 cxd5 16. exd5 h6 17. O-O-O Bf5 18. Bxf5 Nxf5 19. g4 Nxh4 20. Qxd4+ Kg8 21.
Rh3 g5 22. Rdd3 f5 23. Ne6 Qf6 24. Nxf8 Rxf8 25. Qxf6 Rxf6 26. gxf5 Rxf5 27. f3
Kf7 28. Kd2 b5 29. b3 Kf6 30. c4 bxc4 31. bxc4 Ke7 32. Re3+ Kd7 33. Kc3 h5 34.
Kb3 Rf4 35. Rg3 Nf5 36. Rxg5 Nxe3 37. Rxh5 Nxc4 38. Rh7+ Kc8 39. Rh8+ Kb7 40.
Rh7+ Kb6 41. Rh8 Rxf3+ 42. Kxc4 Rf4+ 43. Kb3 a4+ 44. Kc3 Kc5 45. Rh5 Rf3+ 46.
Kb2 Rb3+ 47. Ka2 Rd3 48. Kb2 Rxd5 49. Rxd5+ Kxd5 50. Kc3 Kc5 51. Kd3 d5 52. Kc3
d4+ 53. Kd3 Kd5 54. Kd2 Kc4 55. Kc2 d3+ 56. Kd2 Kd4 57. Kd1 Kc4 58. Kc1 Kb3 59.
Kd2 Kxa3 60. Kxd3 Kb2 0-1

[Event "18. Obert Int. Sant Marti 2016 - B"]
[Site "Barcelona ESP"]
[Date "2016.07.18"]
[Round "6.58"]
[White "Gonzalez Alonso, Marti"]
[Black "Ferres Saez, Joan"]
[Result "1-0"]
[WhiteElo "1391"]
[BlackElo "1763"]
[PlyCount "149"]
[EventDate "2016.07.13"]
[EventType "swiss"]
[EventRounds "9"]
[EventCountry "ESP"]
[SourceTitle "Ajedrez en Madrid"]
[Source "lmi"]
[SourceDate "2016.07.13"]
[SourceVersion "1"]
[SourceVersionDate "2019.06.21"]
[SourceQuality "1"]

1. e4 c5 2. Nf3 g6 3. d4 cxd4 4. Nxd4 Bg7 5. Nc3 Nc6 6. Nde2 Nf6 7. g3 O-O 8.
Bg2 d6 9. h3 Bd7 10. O-O Rc8 11. Be3 Qa5 12. b3 Nh5 13. Qd2 Rfe8 14. g4 Nf6 15.
a4 Ne5 16. Rac1 Nc6 17. Nd5 Qxd2 18. Bxd2 Nxd5 19. exd5 Nd4 20. Nxd4 Bxd4 21.
c3 Bg7 22. c4 a6 23. Rfe1 b5 24. axb5 axb5 25. Bf1 bxc4 26. Bxc4 Ra8 27. Bc3
Ra2 28. Bxg7 Kxg7 29. Ra1 Rxa1 30. Rxa1 Kf6 31. Re1 g5 32. Kg2 Ra8 33. Kg3 Ra2
34. f4 h6 35. Re2 Ra1 36. fxg5+ hxg5 37. Rf2+ Kg7 38. Rf1 Ra2 39. Rf2 Ra3 40.
Rf3 e6 41. h4 gxh4+ 42. Kxh4 e5 43. Re3 f5 44. gxf5 Bxf5 45. Kg5 Bc2 46. Rc3
Ra2 47. Bd3 Bxd3 48. Rxd3 Rg2+ 49. Kf5 Kf7 50. Ke4 Rg4+ 51. Kf3 Rb4 52. Ke3 Ke7
53. Rc3 Kd7 54. Kd2 Rd4+ 55. Rd3 Rb4 56. Rc3 Rb5 57. Rd3 Kc7 58. Ke3 Kb6 59.
Ke4 Rb4+ 60. Kf5 Kc5 61. Ke6 e4 62. Rd1 Rd4 63. Rc1+ Kb4 64. Kxd6 Kxb3 65. Ke5
Ra4 66. Re1 Ra8 67. Rxe4 Re8+ 68. Kd4 Ra8 69. Kc5 Ra5+ 70. Kc6 Ra6+ 71. Kb5 Rh6
72. Kc5 Rh5 73. Kc6 Rh2 74. d6 Rc2+ 75. Kd5 1-0